University Home | Library Home | Institutional Repository

History of Lagos, (Record no. 110951)

MARC details
000 -LEADER
fixed length control field 00734cam6a220022900 4500
001 - CONTROL NUMBER
control field lce01004415
008 - FIXED-LENGTH DATA ELEMENTS--GENERAL INFORMATION
fixed length control field 700821s1967 nr 000 0 eng
010 ## - LIBRARY OF CONGRESS CONTROL NUMBER
LC control number 75003001
035 ## - SYSTEM CONTROL NUMBER
System control number (Sirsi) r91925
035 ## - SYSTEM CONTROL NUMBER
System control number (DLC) 75003001
035 ## - SYSTEM CONTROL NUMBER
System control number (UPRA)lce01004415
041 1# - LANGUAGE CODE
Language code of text/sound track or separate title eng yor
Language code of original eng yor
050 0# - LIBRARY OF CONGRESS CALL NUMBER
Classification number DT515.9.L3
Item number L6
082 ## - DEWEY DECIMAL CLASSIFICATION NUMBER
Classification number 966.9/1
100 1# - MAIN ENTRY--PERSONAL NAME
Personal name Losi, John B.
Linkage A50887.1
245 10 - TITLE STATEMENT
Title History of Lagos,
Statement of responsibility, etc. by John B. Losi.
260 ## - PUBLICATION, DISTRIBUTION, ETC.
Place of publication, distribution, etc. [Lagos, Nigeria;
Name of publisher, distributor, etc. African Education Press,
Date of publication, distribution, etc. 1967]
500 ## - GENERAL NOTE
General note Translation of the author's Yoruba version first published in 1914.
651 #0 - SUBJECT ADDED ENTRY--GEOGRAPHIC NAME
Geographic name Lagos -- History.
General subdivision Lagos -- History.
Linkage S39823.1
949 ## - LOCAL PROCESSING INFORMATION (OCLC)
a DT515.9.L3
w lcc
i -129242
m MAIN
t BOOK
l ON-SHELF

No items available.

© 2026 - The University of Zambia Library - Koha v25.11